00315nam a2200109Ia 4500008004100000041000800041082001300049100003400062245004000096260005500136300001400191231228s1991 xx 000 0 und d aeng a658bVER aVERMA (R.K.) / SINHA (P.R.N.) aWorkers Participation in Management aNew DelhibOxfords IBH Publishing New Delhi,c1991 aviii, 131